banner-ar

مقدمة فى تغذية حيوانات المزرعة / (Record no. 43369)

MARC details
000 -الفاتح
حقل البيانات ثابتة الطول 00432nam a2200145Ia 4500
008 - عناصر البيانات ثابتة الطول - معلومات عامة
حقل البيانات ثابتة الطول 140319s9999 xx 000 0 ara d
040 ## - مصدر الفهرسة
وكالة الفهرسة الأصلية GCL /
وكالة النسخ GCL
082 04 - رقم تصنيف ديوى العشرى
رقم التصنيف 636.08
رقم المادة ن م
100 1# - المدخل الرئيسى - إسم شخصى
الإسم الشخصى نيلسون , ش روبرت
245 10 - بيان العنوان
العنوان مقدمة فى تغذية حيوانات المزرعة /
بيان المسئوليه,etc نيلسون , ش روبرت
700 1# - المدخل الاضافى - اسم شخصى
الإسم الشخصى صالح رمضان الطائر
300 ## - الوصف المادى
التعداد 316
490 ## - بيان السلسلة
عنوان السلسلة 100 قصة
رقم المجلد/ التعيين التسلسلي 0
Holdings
حالة التراجع حالة الفقد حالة تلف ليس للاعارة المكان المؤقت الموقع الحالى تاريخ الاكتساب اجمالي اﻻعارات رقم الطلب الباركود تاريخ اخر مشاهدة تاريخ تفعيل السعر نوع وعاء كوها
        مكتبة القاهرة الكبرى مكتبة القاهرة الكبرى 03/26/2014   636.08\ن م 104958 03/26/2014 03/26/2014 كتاب
        مكتبة القاهرة الكبرى مكتبة القاهرة الكبرى 03/26/2014   636.08\ن م 104959 03/26/2014 03/26/2014 كتاب
        مكتبة القاهرة الكبرى مكتبة القاهرة الكبرى 03/26/2014   636.08\ن م 104960 03/26/2014 03/26/2014 كتاب

Powered By

EGPV